00591cam a22002291 4500001001300000003000400013005001700017008004100034010001700075035002000092040001800112042001200130050001700142100003800159245004400197260001100241300002300252500001600275504003200291650002100323999001700344sa 68000043 DLC20260227112420.0890630s1966 ii b 000 0 beno  asa 68000043  a(OCoLC)19952414 aDLCcWaUdDLC apremarc00aPN2887b.B451 aBhaṭṭācārya, Śaṅkara.10aBāṃlā thiẏeṭāre abhinaẏa. c[1966] a11, 117 p.c22 cm. aIn Bengali. aBibliography: p. [116]-117. 0aActors, Bengali. c76897d76897